<?xml version="1.0" encoding="UTF-8"?>
<record
    xmlns:xsi="http://www.w3.org/2001/XMLSchema-instance"
    xsi:schemaLocation="http://www.loc.gov/MARC21/slim http://www.loc.gov/standards/marcxml/schema/MARC21slim.xsd"
    xmlns="http://www.loc.gov/MARC21/slim">

  <leader>00759cam a2200253Ia 4500</leader>
  <controlfield tag="001">30183</controlfield>
  <controlfield tag="003">GBCCL</controlfield>
  <controlfield tag="005">20241126110412.0</controlfield>
  <controlfield tag="008">860211c19641958miu      b    001 0 eng d</controlfield>
  <datafield tag="020" ind1=" " ind2=" ">
    <subfield code="a">0310308909</subfield>
  </datafield>
  <datafield tag="035" ind1=" " ind2=" ">
    <subfield code="a">(OCoLC)13135749</subfield>
  </datafield>
  <datafield tag="040" ind1=" " ind2=" ">
    <subfield code="a">IGA</subfield>
    <subfield code="c">IGA</subfield>
    <subfield code="d">FYB</subfield>
    <subfield code="d">LBB</subfield>
  </datafield>
  <datafield tag="049" ind1=" " ind2=" ">
    <subfield code="a">LBBK</subfield>
  </datafield>
  <datafield tag="082" ind1=" " ind2=" ">
    <subfield code="a">236.07</subfield>
    <subfield code="b">PEN</subfield>
  </datafield>
  <datafield tag="090" ind1=" " ind2=" ">
    <subfield code="a">BT821</subfield>
    <subfield code="b">.P4 1964</subfield>
  </datafield>
  <datafield tag="100" ind1="1" ind2=" ">
    <subfield code="a">Pentecost, J. Dwight.</subfield>
    <subfield code="9">2790</subfield>
  </datafield>
  <datafield tag="245" ind1="1" ind2="0">
    <subfield code="a">Things to come :</subfield>
    <subfield code="b">a study in Biblical eschatology /</subfield>
    <subfield code="c">by J. Dwight Pentecost ; introduction by John F. Walvoord.</subfield>
  </datafield>
  <datafield tag="260" ind1=" " ind2=" ">
    <subfield code="a">Grand Rapids, Mich. :</subfield>
    <subfield code="b">Zondervan,</subfield>
    <subfield code="c">[1964], c1958.</subfield>
  </datafield>
  <datafield tag="300" ind1=" " ind2=" ">
    <subfield code="a">x, 633 p. ;</subfield>
    <subfield code="c">24 cm.</subfield>
  </datafield>
  <datafield tag="500" ind1=" " ind2=" ">
    <subfield code="a">Includes indexes.</subfield>
  </datafield>
  <datafield tag="504" ind1=" " ind2=" ">
    <subfield code="a">Bibliography: p. 584-597.</subfield>
  </datafield>
  <datafield tag="650" ind1=" " ind2="0">
    <subfield code="a">Eschatology.</subfield>
    <subfield code="9">2009</subfield>
  </datafield>
  <datafield tag="942" ind1=" " ind2=" ">
    <subfield code="2">ddc</subfield>
    <subfield code="c">BK</subfield>
    <subfield code="0">61</subfield>
  </datafield>
  <datafield tag="999" ind1=" " ind2=" ">
    <subfield code="c">1906</subfield>
    <subfield code="d">1906</subfield>
  </datafield>
  <datafield tag="952" ind1=" " ind2=" ">
    <subfield code="0">0</subfield>
    <subfield code="1">0</subfield>
    <subfield code="2">ddc</subfield>
    <subfield code="4">0</subfield>
    <subfield code="7">0</subfield>
    <subfield code="a">GBC</subfield>
    <subfield code="b">GBC</subfield>
    <subfield code="c">TH</subfield>
    <subfield code="d">2017-06-01</subfield>
    <subfield code="l">34</subfield>
    <subfield code="m">7</subfield>
    <subfield code="o">236.07 PEN</subfield>
    <subfield code="p">004945</subfield>
    <subfield code="r">2026-01-15 14:00:47</subfield>
    <subfield code="s">2026-01-13</subfield>
    <subfield code="t">c.1</subfield>
    <subfield code="w">2017-06-01</subfield>
    <subfield code="y">BK</subfield>
  </datafield>
  <datafield tag="952" ind1=" " ind2=" ">
    <subfield code="0">0</subfield>
    <subfield code="1">0</subfield>
    <subfield code="2">ddc</subfield>
    <subfield code="4">0</subfield>
    <subfield code="7">0</subfield>
    <subfield code="a">GBC</subfield>
    <subfield code="b">GBC</subfield>
    <subfield code="c">TH</subfield>
    <subfield code="d">2017-06-01</subfield>
    <subfield code="l">32</subfield>
    <subfield code="m">2</subfield>
    <subfield code="o">236.07 PEN</subfield>
    <subfield code="p">007694</subfield>
    <subfield code="r">2026-03-02 10:08:48</subfield>
    <subfield code="s">2026-02-19</subfield>
    <subfield code="t">c.2</subfield>
    <subfield code="w">2017-06-01</subfield>
    <subfield code="y">BK</subfield>
  </datafield>
</record>
